000
00497nam a2200181Ia 4500
008
090124s9999 xx 000 0 und d
082
_b
16546
100
_a
बोराडे रा.रं.
245
_a
विहीर
250
_a
0
260
_b
परिमल प्रकाशन
_c
1982
300
_a
32
600
_a
बोराडे रा.रं.
630
_a
विहीर
700
_a
बोराडे रा.रं.
730
_a
विहीर
942
_c
BOOK
999
_c
88778
_d
88778